01108nab a2200229 4500003001000000005001700010008004100027040001400068041000800082100010400090245008100194260003500275300001300310500034200323650002400665650001900689650001400708650001600722650001600738650003100754773009300785AR-RoBPED20260424093517.0260424b |||||||| |||| 00| 0 spa d aAR-RoBPED aspa1 aBazán, Héctor G.eDoctor en Geografía y máster en Investigación aplicada a la Educación1 aRedacción de preguntas para un estudio de casos en educación ambiental / aBuenos Aires :bNoveduc,c2024 a46-49 p. aEl presente trabajo ofrece aspectos conceptuales sobre la Educación Ambiental Integral y el estudio de casos, así como también comparte una experiencia didáctica para el desarrollo de aprendizajes y contenidos relacionados con al educación ambiental, llevada a cabo en un instituto de Nivel Superior de la ciudad de Córdoba.  7aEDUCACION AMBIENTAL 0aNIVEL SUPERIOR 7aDIDACTICA 7aENSEÑANZA 7aAPRENDIZAJE 7aEXPERIENCIAS EDUCACIONALES0 020414dBuenos Aires : Noveduc, 1993-tNovedades Educativasw(AR-RoBPED)20414x03283534